000 00324nam a22001457a 4500
008 231012b ||||| |||| 00| 0 eng d
020 _a0521248140
041 _aeng
080 _a521
082 _a521ISL
100 _a19
101 _aASTRO
245 _aTHE ULTIMATE FATE OF THE UNIVERSE
_cISLAM.N.J
942 _2udc
_cBK
999 _c60434
_d60434